logo

Bir Sreshtho Munshi Abdur Rouf Library
Jhenaidah Cadet College

Federal government / (Record no. 9038)

MARC details
000 -LEADER
fixed length control field 00932nam a2200289 a 4500
001 - CONTROL NUMBER
JCCL Control Number 9038
003 - CONTROL NUMBER IDENTIFIER
JCCL marc code BD - JhCC
005 - DATE AND TIME OF LATEST TRANSACTION
control field 20180314175940.0
008 - FIXED-LENGTH DATA ELEMENTS--GENERAL INFORMATION
fixed length control field 880808s1963 enk b 001 0 eng d
035 ## - SYSTEM CONTROL NUMBER
system control number (BD - JhCC)9038
040 ## - CATALOGING SOURCE
Original cataloging agency OSU
Modifying agency OCL
-- BD - JhCC
041 ## - LANGUAGE CODE
Language code of Book eng
082 ## - DEWEY DECIMAL CLASSIFICATION NUMBER
Author mark and Year WHE 1963
Classification number 321.021
100 1# - MAIN ENTRY--PERSONAL NAME
Personal name Wheare, K. C.
Fuller form of name (Kenneth Clinton),
Dates associated with a name 1907-1979.
245 10 - TITLE STATEMENT
Title Federal government /
Statement of responsibility, etc K.C. Wheare.
250 ## - EDITION STATEMENT
Edition statement 4th ed.
260 ## - PUBLICATION, DISTRIBUTION, ETC. (IMPRINT)
Place of publication, distribution, etc London :
Name of publisher, distributor, etc Oxford University Press,
Date of publication, distribution, etc 1963.
300 ## - PHYSICAL DESCRIPTION
Pagination 266 p. ;
Dimensions 20 cm.
490 1# - SERIES STATEMENT
Series statement Oxford paperbacks ;
Volume number/sequential designation no. 75
500 ## - GENERAL NOTE
General note "Issued under the auspices of the Royal Institute of International Affairs." -- t.p.
504 ## - BIBLIOGRAPHY, ETC. NOTE
Bibliography, etc Includes bibliographical references (p. [247]-255) and index.
650 #0 - SUBJECT ADDED ENTRY--TOPICAL TERM
Topical term or geographic name as entry element Federal government.
710 2# - ADDED ENTRY--CORPORATE NAME
Corporate name or jurisdiction name as entry element Royal Institute of International Affairs.
830 #0 - SERIES ADDED ENTRY--UNIFORM TITLE
Uniform title Oxford paperbacks ;
Volume number/sequential designation no. 75.
942 ## - ADDED ENTRY ELEMENTS (KOHA)
Source of classification or shelving scheme Dewey Decimal Classification
Koha item type Books
Holdings
Source of classification or shelving scheme Damaged status Not for loan Home library Current library Shelving location Total Checkouts Full call number Barcode Date last seen Copy number Koha item type
Dewey Decimal Classification     JCC Rouf Library JCC Rouf Library General Stacks   321.021 WHE 1963 12004 03/07/2018 C - 1 Books
Dewey Decimal Classification     JCC Rouf Library JCC Rouf Library General Stacks   321.021 WHE 1963 12486 03/12/2018 C - 2 Books
Dewey Decimal Classification     JCC Rouf Library JCC Rouf Library General Stacks   321.021 WHE 1963 12594 03/14/2018 C - 1 Books

JCC Library | Contacts | JCC Home

Last Update on 23 September 2017
Copyright @ 2017-2020 JCC Rouf Library
Rouf Library, Jhenidah Cadet College (JCC), Bangladesh